| 000 | 00759cab a22001935a 4500 | ||
|---|---|---|---|
| 001 | L154064 | ||
| 008 | 111011s2011 xxka f 000 0 eng d | ||
| 035 | _a(Sirsi) u154064 | ||
| 041 | 0 | _aeng | |
| 100 | 1 | _aMiyan, Abdool R Hasan | |
| 245 | 0 | 4 | _aThe evolution of land surveying in Mauritius |
| 260 | _c2011 | ||
| 490 |
_aCivil Engineering Surveyor _vOctober 2011, 26-39(5) |
||
| 520 | _aIllustrates different aspects in the administration of land and the surveying techniques employed; French and British colonial influence; plane surveying during the 20th century; electronic equipment in use nowadays. | ||
| 651 | 4 | _aMauritius | |
| 690 | _aENVIRONMENTAL AND LAND CONSULTANCY-GEOMATICS-LAND SURVEYING | ||
| 700 | 1 | _aCassam, Muhammad Zuver | |
| 942 | _n0 | ||
| 999 |
_c83475 _d83475 |
||